000 00650nam a2200229Ia 4500
005 20260320201754.0
008 008 262003s9999 xx 000 0 eng d
037 _aEBOOK
040 _aCRL
040 _beng
040 _cCRL
041 _2eng
041 _aeng
084 _qCRL
100 _aBerkouwer
_91135885
245 0 _aActive Directory Administration Cookbook: Proven solutions to everyday identity and authentication challenges for both on-premises and the cloud
260 _bIEEE
856 _uhttps://ieeexplore.ieee.org/servlet/opac?bknumber=10162820
942 _cEBOOK
999 _c1723454
_d1723454